Представление документа в формате MARC21

Поле Инд. ПП Название Значение
Тип записи a
Библиографический уровень m
001 Контрольный номер 0356ce17-8c06-45f3-8795-456e44cc0418
005 Дата корректировки 20230322125322.0
008 Кодируемые данные 080131
020 a ISBN 978-5-94774-363-0 (рус.)
a ISBN 0-471-49883-1 (англ.)
c Цена, тираж 180.00
040 a Служба первич. каталог. НБ ТвГУ
041 0_ a Код языка текста rus
h Код языка оригинала eng
080 a Индекс УДК 661.185(075.8)
a Индекс УДК 678-404(075.8)
084 a Индекс другой классификации/Индекс ББК Г582я73-1
a Индекс другой классификации/Индекс ББК Г6я73-1
a Индекс другой классификации/Индекс ББК Г713я73-1
090 a Полочн. индекс Г582
x Авторский знак П42
245 00 a Заглавие Поверхностно-активные вещества и полимеры в водных растворах
c Ответственность К. Холмберг, Б. Йенссон, Б. Кронберг, Б. Линдман ; пер. с англ. Г. П. Ямпольской ; под ред. Б. Д. Сумма
260 0_ a Место издания Москва
b Издательство БИНОМ. Лаборатория знаний
c Дата издания 2007
300 a Объем 528 с.
b Иллюстрации/ тип воспроизводства ил., табл.
500 a Примечание Доп. тит. л. англ.
504 a Библиография Предм. указ.: с.512-523.
583 a Действие Получение впервые 15 31.01.2008
k Исполнитель действия Дар РГГУ
583 a Действие Приписка 26 19.03.2009
k Исполнитель действия ООО "БИНОМ"
650 04 a Основная рубрика Поверхностно-активные вещества
x Основная подрубрика Растворы водные
650 04 a Основная рубрика Полимеры
653 0_ a Ключевые слова Водные растворы
a Ключевые слова Водорастворимые полимеры
a Ключевые слова ПАВ в растворах
a Ключевые слова ПАВ и полимеры, растворы
a Ключевые слова Поверхностно-активные вещества
a Ключевые слова Полимеры в растворах
a Ключевые слова Растворы ПАВ и полимеров
a Ключевые слова Учебники для вузов
a Ключевые слова Химия
700 1_ a Другие авторы Холмберг Кристер
e Роль лиц авт.
700 1_ a Другие авторы Йенссон Бу
e Роль лиц авт.
700 1_ a Другие авторы Кронберг Бенгт
e Роль лиц авт.
700 1_ a Другие авторы Линдман Бьерн
e Роль лиц авт.
700 1_ a Другие авторы Ямпольская Г. П.
e Роль лиц пер.
700 1_ a Другие авторы Сумм Б. Д.
e Роль лиц ред.
852 41 t Порядковый номер экземпляра 2
p Инвентарный номер 902354
p Инвентарный номер 929592 286.00
863 t 00211302
863 t 00184981
888 a Бесплатные
a За счет средств университета
930 a Новая/Ретро учебники
952 p 15.2008 180.00 1 902354
p 26.2009 286.00 1 929592
c Вид литературы К ру
954 a Дата поступления на обработку 20080529
999 a Подразделение 2 Фил3